Logo BPK

Biblioteka

Politechniki Koszalińskiej

Podręcznik gospodarki odpadami : (Rekord nr 53017)

Szczegóły MARC
000 -ETYKIETA REKORDU
podpole kontrolne o stałej długości 01313nam a2200349 i 4500
001 - NUMER KONTROLNY REKORDU
pole kontrolne bg
020 ## - MIĘDZYNARODOWY ZNORMALIZOWANY NUMER KSIĄŻKI - ISBN
ISBN 8391944980
020 ## - MIĘDZYNARODOWY ZNORMALIZOWANY NUMER KSIĄŻKI - ISBN
ISBN 3540642766 (oryg.)
040 ## - ŹRÓDŁO KATALOGOWANIA
Instytucja, która utworzyła rekord BPK
041 1# - KOD JĘZYKA
Kod języka tekstu pol
Kod języka oryginału ger
080 ## - UNIWERSALNA KLASYFIKACJA DZIESIĘTNA - UKD
UKD 628.4(075.8)
920 ## - Międzynarodowy znormalizowany numer książki – ISBN
ISBN 83-919449-8-0
920 ## - Międzynarodowy znormalizowany numer książki – ISBN
ISBN 3-540-64276-6 (oryg.)
008 - POLE O STAŁEJ DŁUGOŚCI - DANE KONTROLNE
podpole kontrolne o stałej długości s pl f |000 0 pol
100 1# - NAZWA OSOBOWA
Nazwa osobowa BILITEWSKI, Bernd
245 10 - TYTUŁ/ODPOWIEDZIALNOŚĆ
Tytuł Podręcznik gospodarki odpadami :
Ciąg dalszy tytułu teoria i praktyka /
Pozostałe elementy strefy tytułu i oznaczenia odpowiedzialności Bernd Bilitewski, Georg Härdtle, Klaus Marek ; tł. na jęz. pol. Bronisław Bartkiewicz, Ewa Lisicka, Wojciech Przywecki].
246 ## - WARIANT TYTUŁU
Treść wyrażenia wprowadzającego Tyt. oryg.:
Tytuł Abfallwirtschaft - Handbuch für Praxis und Lehre
250 ## - STREFA WYDANIA
Oznaczenie wydania Wyd. 2.
260 ## - STREFA ADRESU WYDAWNICZEGO
Miejsce wydania Warszawa :
Nazwa wydawcy/dystrybutora Wydawnictwo "Seidel-Przywecki",
Data publikacji, dystrybucji/powstania dokumentu 2006.
300 ## - STREFA OPISU FIZYCZNEGO
Objętość XVI, 716 s. :
Inne cechy fizyczne il., mapa ;
Rozmiary 25 cm.
500 ## - UWAGI OGÓLNE
Tekst uwagi Tyt. oryg.: "Abfallwirtschaft - Handbuch für Praxis und Lehre" 2000.
504 ## - UWAGA DOTYCZĄCA BIBLIOGRAFII
Informacje o bibliografii Bibliogr., zbiór przepisów. Indeks.
650 #9 - HASŁO PRZEDMIOTOWE W FORMIE NAZWY OGÓLNEJ LUB JEDNOSTKOWEJ
Nazwa ogólna lub geograficzna Odpady
Określnik ogólny gospodarka
655 ## - TERMIN INDEKSOWY - OKREŚLENIE RODZAJU/FORMY DOKUMENTU
Określenie rodzaju/formy dokumentu Podręczniki akademickie
700 1# - HASŁO DODATKOWE - NAZWA OSOBOWA
Nazwa osobowa HÄRDTLE, Georg
700 1# - HASŁO DODATKOWE - NAZWA OSOBOWA
Nazwa osobowa MAREK, Klaus
700 1# - HASŁO DODATKOWE - NAZWA OSOBOWA
Nazwa osobowa BARTKIEWICZ, Bronisław.
Określenie związku między hasłem a opisywanym materiałem Tł.
700 1# - HASŁO DODATKOWE - NAZWA OSOBOWA
Nazwa osobowa LISICKA, Ewa.
Określenie związku między hasłem a opisywanym materiałem Tł.
700 1# - HASŁO DODATKOWE - NAZWA OSOBOWA
Nazwa osobowa PRZYWECKI, Wojciech
Daty związane z nazwą (1956- ).
Określenie związku między hasłem a opisywanym materiałem Tł.
856 ## - LOKALIZACJA I DOSTĘP DO ELEKTRONICZNYCH DOKUMENTÓW ZDALNYCH
Link (URL) http://koha.tu.koszalin.pl/cgi-bin/koha/opac-detail.pl?biblionumber=53017
Tekst linku Katalog online BPK
942 ## - DODATKOWE ELEMENTY (KOHA)
Typ dokumentu Książka
Egzemplarze
Wycofany Status egzemplarza Uszkodzony Dostępność Lokalizacja stała Lokalizacja bieżąca Miejsce przechowywania Sygnatura Kod kreskowy Dział Typ dokumentu Ostatnio wypożyczono
      Tylko na miejscu Biblioteka Politechniki Koszalińskiej Biblioteka Politechniki Koszalińskiej Czytelnia BG 82330 02356440 628.4 Odpady i ich usuwanie Książka  
      Dostępny Biblioteka Politechniki Koszalińskiej Biblioteka Politechniki Koszalińskiej Wypożyczalnia BG 82332 02356426   Książka 29.02.2020
      Tylko na miejscu Czytelnia Wydziału Elektroniki i Informatyki, Wydziału Architektury i Wzornictwa, Wydziału Inżynierii Mechanicznej i Energetyki oraz Wydziału Inżynierii Lądowej, Środowiska i Geodezji Czytelnia Wydziału Elektroniki i Informatyki, Wydziału Architektury i Wzornictwa, Wydziału Inżynierii Mechanicznej i Energetyki oraz Wydziału Inżynierii Lądowej, Środowiska i Geodezji Czytelnia Wydziałowa ul. Śniadeckich 2 82331 02356433 628.4 Odpady i ich usuwanie Książka 28.11.2014
© 2023 Biblioteka Politechniki Koszalińskiej :: KOHA